The Smiths Songs - Statistics

General Stats
  • This quiz has been taken 1,268 times
    1,261 since last reset
  • The average score is 30 of 66
Answer Stats
Answer % Correct
This Charming Man
83%
There Is a Light That Never Goes Out
82%
The Queen is Dead
81%
Meat Is Murder
75%
Bigmouth Strikes Again
70%
Heaven Knows I'm Miserable Now
68%
I Know It's Over
66%
Back to the Old House
64%
How Soon Is Now?
64%
Frankly, Mr. Shankly
62%
Some Girls Are Bigger Than Others
62%
Cemetry Gates
60%
Please, Please, Please Let Me Get What I Want
59%
Ask
58%
Hand in Glove
58%
Panic
58%
Still Ill
58%
Reel Around the Fountain
54%
Vicar in a Tutu
54%
William, It Was Really Nothing
54%
Girlfriend in a Coma
53%
Pretty Girls Make Graves
53%
Asleep
52%
The Headmaster Ritual
52%
What Difference Does It Make?
50%
Barbarism Begins at Home
49%
Suffer Little Children
48%
The Boy with the Thorn in His Side
47%
This Night Has Opened My Eyes
46%
Well I Wonder
46%
That Joke Isn't Funny Anymore
42%
Girl Afraid
41%
A Rush and a Push and the Land Is Ours
40%
London
40%
Shoplifters Of The World Unite
40%
Half a Person
39%
Rusholme Ruffians
38%
Sheila Take a Bow
38%
I Want the One I Can't Have
37%
Last Night I Dreamt That Somebody Loved Me
37%
Never Had No One Ever
37%
You've Got Everything Now
37%
Miserable Lie
36%
Unhappy Birthday
36%
Handsome Devil
35%
Rubber Ring
35%
Stop Me If You Think You've Heard This One Before
34%
Unloveable
34%
Death of a Disco Dancer
33%
I Don't Owe You Anything
33%
I Won’t Share You
33%
Shakespeare's Sister
33%
The Hand That Rocks the Cradle
33%
Golden Lights
31%
Nowhere Fast
30%
What She Said
30%
Is It Really So Strange?
29%
I Started Something I Couldn't Finish
29%
Oscillate Wildly
29%
Paint a Vulgar Picture
27%
Sweet and Tender Hooligan
26%
These Things Take Time
25%
Death at One's Elbow
24%
Accept Yourself
23%
Stretch out and Wait
21%
You Just Haven't Earned It Yet, Baby
21%
No matching quizzes found
Score Distribution
Percent of People with Each Score
Percentile by Number Answered
Your Score History
You have not taken this quiz since the last reset